Birds of The North / (Record no. 615128)

000 -LEADER
fixed length control field 00344nam a22001457a 4500
003 - CONTROL NUMBER IDENTIFIER
control field NUST
005 - DATE AND TIME OF LATEST TRANSACTION
control field 20251008184820.0
082 ## - DEWEY DECIMAL CLASSIFICATION NUMBER
Classification number 598,BER
100 ## - MAIN ENTRY--PERSONAL NAME
Personal name Berg, Bengt
9 (RLIN) 131050
245 ## - TITLE STATEMENT
Title Birds of The North /
Statement of responsibility, etc. Bengt Berg,
260 ## - PUBLICATION, DISTRIBUTION, ETC.
Place of publication, distribution, etc. P. A. Norsted & Sons
Name of publisher, distributor, etc. Stockholm
Date of publication, distribution, etc. 1925
300 ## - PHYSICAL DESCRIPTION
Extent 175 p
650 ## - SUBJECT ADDED ENTRY--TOPICAL TERM
Topical term or geographic name entry element Birds
9 (RLIN) 131051
942 ## - ADDED ENTRY ELEMENTS (KOHA)
Source of classification or shelving scheme
Koha item type Book
Holdings
Withdrawn status Lost status Source of classification or shelving scheme Damaged status Not for loan Permanent Location Current Location Shelving location Date acquired Total Checkouts Full call number Barcode Date last seen Price effective from Koha item type Public note
          Military College of Signals (MCS) Military College of Signals (MCS) General Stacks 10/08/2025   598,BER MCS29699 10/08/2025 10/08/2025 Book Almirah No.76, Shelf No.2
© 2023 Central Library, National University of Sciences and Technology. All Rights Reserved.